Top 10 artichokes-producing countries - Statistics

General Stats
  • This quiz has been taken 12 times
  • The average score is 8 of 10
Answer Stats
Quantity (t, 2022) Country % Correct
33.679 United States
100%
378.110 Italy
91%
200.070 Spain
91%
81.023 China
82%
459.962 Egypt
82%
41.025 Morocco
82%
40.815 Turkey
73%
124.305 Algeria
64%
30.417 Argentina
55%
97.131 Peru
55%
No matching quizzes found
Score Distribution
Percent of People with Each Score
Percentile by Number Answered
Your Score History
You have not taken this quiz